Angielski 1, E-G - Statystyki

Ogólne statystyki
  • Ten quiz został rozwiązany 19 razy
  • Średni wynik to 8 z 22
Statystyki odpowiedzi
Hint Odpowiedź % Poprawnych
pole field
70%
firma firm
70%
siła, oddział force
60%
szczególnie, zwłaszcza especially
50%
postać, figura figure
50%
obcy, z innego kraju, obcojęzyczny foreign
50%
krawędź, skraj, ostrze edge
40%
spadł fell
40%
napełniać, zapełniać fill
40%
cieszyć się, czerpać przyjemność enjoy
30%
oprócz, z wyjątkiem except
30%
naprzód, do przodu, przedni forward
30%
dalej further
30%
wskazówka, przewodnik, prowadzić guide
30%
lub, bądź, albo...albo... either
20%
w przeciwnym razie/wypadku else
20%
badanie examination
20%
wybaczyć, usprawiedliwić excuse
20%
spodziewać się, oczekiwać expect
20%
zadowolony (z czegoś) glad
20%
stracony gone
20%
władze państwowe, rząd government
20%
Nie znaleziono quizów pasujących do podanych kryteriów
Rozkład punktacji
Procent ludzi z każdym wynikiem
Percentyl według liczby udzielonych odpowiedzi
Twoja historia wyników
Nie rozwiązałeś tego quizu